[Event "IECC CL6-2000.37"]
[Site "IECC email"]
[Date "2000.12.19"]
[Round "?"]
[White "Brogger, Gunnar"]
[Black "Neatham, Graeme"]
[Result "0-1"]
[WhiteElo "1314"]
[BlackElo "1074"]
[PlyCount "72"]
[EventDate "2000.??.??"]
[EventType "tourn (corr)"]
[EventRounds "4"]
[SourceTitle "Corr 2008"]
[Source "ChessBase"]
[SourceDate "2008.06.24"]
[SourceVersion "1"]
[SourceVersionDate "2008.06.24"]
[SourceQuality "1"]

1. b4 Nf6 2. Bb2 e6 3. b5 c6 4. a4 a6 5. c4 Bc5 6. e3 0-0 7. Be2 axb5 8. axb5 Rxa1 9. Bxa1 d5 10. Nf3 dxc4 11. Bxc4 cxb5 12. Bxb5 Qa5 13. Nc3 Bd7 14. Qb1 Bxb5 15. Nxb5 Bb4 16. Nc3 Nbd7 17. 0-0 h6 18. Qb2 Nc5 19. d4 Nd3 20. Qa2 Bxc3 21. Qxa5 Bxa5 22. Ne5 Nxe5 23. dxe5 Ne4 24. Bd4 Rc8 25. f3 Nd2 26. Rd1 b5 27. e4 Rd8 28. Ra1 Nb3 29. Rxa5 Nxa5 30. Bb6 Rd1+ 31. Kf2 Nc4 32. Bc5 Nxe5 33. Ke2 Rc1 34. Bd4 Nc4 35. Kf2 b4 36. h4 e5 0-1

[Event "IECC CL6-2000.37"]
[Site "IECC email"]
[Date "2000.12.19"]
[Round "?"]
[White "Brogger, Gunnar"]
[Black "Parrilla, Antonio"]
[Result "1-0"]
[WhiteElo "1300"]
[BlackElo "1264"]
[PlyCount "119"]
[EventDate "2000.??.??"]
[EventType "tourn (corr)"]
[EventRounds "4"]
[SourceTitle "Corr 2008"]
[Source "ChessBase"]
[SourceDate "2008.06.24"]
[SourceVersion "1"]
[SourceVersionDate "2008.06.24"]
[SourceQuality "1"]

1. b4 Nf6 2. Bb2 e6 3. b5 d5 4. Nf3 Bd6 5. e3 0-0 6. Be2 Nbd7 7. 0-0 Qe7 8. d4 Nb6 9. a4 Bd7 10. Nbd2 Nc8 11. c4 Bb4 12. c5 c6 13. Qc2 Qd8 14. Nb3 Ne7 15. Ne5 Qc7 16. a5 cxb5 17. Nd3 Nc6 18. Nxb4 Nxb4 19. Qc3 Na6 20. Ba3 Bc6 21. Nd2 Qe7 22. f4 Nc7 23. Qc2 Rfd8 24. Bd3 Rac8 25. Rf3 Na6 26. Qb1 Nc7 27. Bb4 h6 28. Bc3 Rb8 29. Qc2 Na6 30. Rb1 Nc7 31. Rh3 Ra8 32. Nf3 a6 33. Ne5 Rdc8 34. Be1 Nce8 35. Bh4 Qc7 36. Be1 Qe7 37. Kh1 Rd8 38. g4 Nd7 39. Bh4 Nef6 40. g5 hxg5 41. Bxg5 Re8 42. Bh7+ Kf8 43. Bg6 Qd8 44. Bxf7 Nxe5 45. Bxe8 Nf7 46. Bxf7 Kxf7 47. Rg1 Qf8 48. Bxf6 Kxf6 49. Rg6+ Ke7 50. Rh7 Re8 51. Rgxg7+ Kd8 52. Qg6 Qf5 53. Qg5+ Kc8 54. Rc7+ Kb8 55. Qxf5 exf5 56. Rce7 Rxe7 57. Rxe7 b4 58. Rg7 b3 59. Rg2 Bb5 60. h4 1-0